Classic cars

Bibliographic Details
Main Author: Hicks, Roger
Format: Book
Published: London : Tiger Books , 1992
Subjects:

MARC

LEADER 00000cam a2200000 7i4500
001 0000002178
002 000002375
005 20000330.0
020 |a 1855011999 
090 0 0 |a 629.221   |b HIC 
100 1 |a Hicks, Roger 
245 1 0 |a Classic cars   |c Roger Hicks 
260 |a London :   |b Tiger Books ,   |c 1992 
300 |a p.v. :   |b ill. ;   |c 28cm. 
650 0 0 |a Automobiles   |x Models 
999 |a 027999   |b BUKU   |c PINJAMAN   |e PERPUSTAKAAN KOMUNITI PETALING JAYA